Scattering parameters in RF and microwave circuit analysis and design (Record no. 490579)

000 -LEADER
fixed length control field 01377cam a22003255i 4500
001 - CONTROL NUMBER
control field 19253926
005 - DATE AND TIME OF LATEST TRANSACTION
control field 20180926093745.0
008 - FIXED-LENGTH DATA ELEMENTS--GENERAL INFORMATION
fixed length control field 160830s2016 maua b 000 0 eng c
010 ## - LIBRARY OF CONGRESS CONTROL NUMBER
LC control number 2016286032
020 ## - INTERNATIONAL STANDARD BOOK NUMBER
International Standard Book Number 1630810932
020 ## - INTERNATIONAL STANDARD BOOK NUMBER
International Standard Book Number 9781630810931
035 ## - SYSTEM CONTROL NUMBER
System control number (OCoLC)ocn938392600
040 ## - CATALOGING SOURCE
Original cataloging agency YDXCP
Language of cataloging eng
Transcribing agency YDXCP
Description conventions rda
Modifying agency BDX
-- BTCTA
-- OCLCO
-- OCLCF
-- OCLCQ
-- UPM
-- EYM
-- OCL
-- DLC
042 ## - AUTHENTICATION CODE
Authentication code pcc
082 ## - DEWEY DECIMAL CLASSIFICATION NUMBER
Classification number 621.38132 DOB
100 1# - MAIN ENTRY--PERSONAL NAME
Personal name Dobrowolski, Janusz,
Relator term author.
245 10 - TITLE STATEMENT
Title Scattering parameters in RF and microwave circuit analysis and design
Remainder of title
Statement of responsibility, etc. Janusz A. Dobrowolski.
300 ## - PHYSICAL DESCRIPTION
Extent xv, 402 pages :
Other physical details illustrations ;
Dimensions 24 cm.
500 ## - GENERAL NOTE
General note "Based on the popular Artech House title Microwave network design using the scattering matrix, this resource provides comprehensive coverage of the wave approach to microwave network characterization, analysis, and design using scattering parameters"-- Page [4] of cover.
504 ## - BIBLIOGRAPHY, ETC. NOTE
Bibliography, etc. note Includes bibliographic references and index.
650 #0 - SUBJECT ADDED ENTRY--TOPICAL TERM
Topical term or geographic name entry element Microwave circuits.
650 #0 - SUBJECT ADDED ENTRY--TOPICAL TERM
Topical term or geographic name entry element Microwave communication systems.
650 #0 - SUBJECT ADDED ENTRY--TOPICAL TERM
Topical term or geographic name entry element S-matrix theory.
650 #7 - SUBJECT ADDED ENTRY--TOPICAL TERM
Topical term or geographic name entry element Microwave circuits.
Source of heading or term fast
650 #7 - SUBJECT ADDED ENTRY--TOPICAL TERM
Topical term or geographic name entry element Microwave communication systems.
Source of heading or term fast
650 #7 - SUBJECT ADDED ENTRY--TOPICAL TERM
Topical term or geographic name entry element S-matrix theory.
Source of heading or term fast
906 ## - LOCAL DATA ELEMENT F, LDF (RLIN)
a 0
b ibc
c pccadap
d 2
e ncip
f 20
g y-gencatlg
942 ## - ADDED ENTRY ELEMENTS (KOHA)
Source of classification or shelving scheme
Koha item type Book
Holdings
Withdrawn status Lost status Damaged status Not for loan Collection code Permanent Location Current Location Shelving location Date acquired Source of acquisition Cost, normal purchase price Total Checkouts Full call number Barcode Date last seen Price effective from Koha item type
          Central Library (CL) Central Library (CL) General Stacks 12/23/2016 A & J Def Tek Consultant 12880.00   621.38132 DOB SEECS013651 12/26/2016 09/26/2018 Book
© 2023 Central Library, National University of Sciences and Technology. All Rights Reserved.